[Event "Titled Tue 10th Jun Late"]
[Site "chess.com INT"]
[Date "2025.06.10"]
[Round "11"]
[White "Mai, Alexander Oliver"]
[Black "Radchenko, Alexey"]
[Result "0-1"]
[WhiteTitle "CM"]
[BlackTitle "FM"]
[WhiteElo "2171"]
[BlackElo "2290"]
[WhiteFideId "2313391"]
[BlackFideId "4192362"]
[EventDate "2025.06.10"]

1. e4 c6 2. Nc3 d5 3. Nf3 dxe4 4. Nxe4 Nf6 5. Nxf6+ exf6 6. Bc4 Bd6 7. Qe2+ Be7
8. O-O O-O 9. d4 Bg4 10. Be3 Nd7 11. h3 Bh5 12. g3 Nb6 13. Bd3 Nd5 14. Kg2 Re8
15. Qd2 Bb4 16. c3 Bd6 17. Rfe1 Qd7 18. a3 Nxe3+ 19. Rxe3 Rxe3 20. Qxe3 Re8 21.
Qd2 Bxf3+ 22. Kxf3 Qxh3 23. Re1 Qh5+ 24. Kg2 Qd5+ 25. Kg1 Rxe1+ 26. Qxe1 g6 27.
Qe2 Qe6 28. Bc4 Qxe2 29. Bxe2 Kf8 30. Kg2 f5 31. Kf3 Ke7 32. Ke3 g5 33. Bd3 f4+
34. Kf3 h5 35. Bf5 b6 36. g4 h4 37. Bd3 c5 38. dxc5 Bxc5 39. Bf1 Ke6 40. Bh3 Ke5
41. Ke2 Ke4 42. f3+ Ke5 43. Kd3 Be3 44. b3 a6 45. a4 Kd5 46. Kc2 b5 47. axb5
axb5 48. b4 Bf2 49. Kd3 Be1 50. Kc2 Ke5 51. Kd3 f6 52. Kc2 Kd5 53. Kd3 Kd6 54.
Kc2 Ke5 55. Kd3 Kd5 56. Kc2 Kc4 57. Bf1+ Kd5 58. Bh3 Bf2 59. Kd3 Bb6 60. Kc2 f5
61. gxf5 Ke5 62. Kd3 Kd5 63. Kc2 Bc7 64. Kd3 Be5 65. Kc2 Kc4 66. Bf1+ Kd5 67.
Bh3 g4 68. Bxg4 Kc4 69. Bh3 Bxc3 70. Bf1+ Kxb4 71. Bh3 Bf6 72. Bf1 Ka4 73. Kd3
b4 0-1

[Event "Titled Tue 10th Jun Late"]
[Site "chess.com INT"]
[Date "2025.06.10"]
[Round "11"]
[White "Baltabaev, Temirlan"]
[Black "Askarov, Bakhtiyar"]
[Result "1-0"]
[WhiteTitle "FM"]
[BlackTitle "IM"]
[WhiteElo "2295"]
[BlackElo "2297"]
[WhiteFideId "4112172"]
[BlackFideId "13701100"]
[EventDate "2025.06.10"]

1. d4 d5 2. Nf3 Nf6 3. g3 Bf5 4. Bg2 e6 5. O-O h6 6. c4 c6 7. Ne5 Nbd7 8. Nc3
Be7 9. Qb3 Qb6 10. Nxd7 Nxd7 11. c5 Qc7 12. e4 dxe4 13. Nxe4 Bxe4 14. Bxe4 O-O
15. Bf4 Qc8 16. Rad1 Bd8 17. Bb1 Re8 18. Qd3 Nf8 19. b4 Bc7 20. Be5 a6 21. Qe4
Rd8 22. f4 f6 23. Bxc7 Qxc7 24. f5 exf5 25. Qxf5 a5 26. b5 cxb5 27. Be4 Re8 28.
Rfe1 b4 29. Qf2 Rac8 30. Bf5 Rxe1+ 31. Rxe1 Rd8 32. Be4 Ne6 33. Qf5 Nf8 34. Qf2
a4 35. d5 b6 36. cxb6 Qd6 37. Rc1 Qe5 38. Bf3 b3 39. axb3 axb3 40. Rb1 Qc3 41.
b7 Nd7 42. d6 Rb8 43. Bd5+ Kh8 44. Rxb3 Qc1+ 45. Kg2 Ne5 46. Be4 Qc4 47. Qe3 Ng4
48. Qd3 Qa4 49. d7 Qa2+ 50. Qc2 Qa5 51. Qc8+ Qd8 52. Qxd8+ Rxd8 53. b8=Q 1-0

[Event "Titled Tue 10th Jun Late"]
[Site "chess.com INT"]
[Date "2025.06.10"]
[Round "11"]
[White "Sivakumar, Shaaketh"]
[Black "Rustamov, Rustam"]
[Result "0-1"]
[WhiteTitle "FM"]
[BlackTitle "FM"]
[WhiteElo "2279"]
[BlackElo "2334"]
[WhiteFideId "30940176"]
[BlackFideId "13440110"]
[EventDate "2025.06.10"]

1. d4 Nf6 2. Nf3 e6 3. Bf4 d5 4. e3 Bd6 5. Bg3 O-O 6. Bd3 c5 7. c3 Nc6 8. Nbd2
Qe7 9. Ne5 Ne8 10. f4 f6 11. Qh5 g6 12. Qg4 fxe5 13. fxe5 Bc7 14. h4 cxd4 15.
exd4 Ng7 16. h5 g5 17. h6 Nf5 18. Rh5 Bd7 19. Bf4 Be8 20. Rxg5+ Bg6 21. Rxg6+
hxg6 22. Qxg6+ Kh8 23. Bg5 Nh4 24. Qg7+ Qxg7 25. hxg7+ Kxg7 26. Bxh4 Bd8 27.
Bxd8 Raxd8 28. Nf3 Rf4 29. Ke2 Rg4 30. Kf2 Rh8 31. Bf1 Ne7 32. a4 Ng6 33. c4
dxc4 34. Bxc4 Nh4 35. Nxh4 Rhxh4 36. Bxe6 Rxd4 37. Rc1 Rhf4+ 38. Kg3 Rfe4 39.
Rc7+ Kh6 40. Rxb7 Rxe5 41. Bh3 Rxa4 42. b3 Ra3 43. Kh2 a6 44. Bg4 Rb5 45. Rxb5
axb5 46. Be6 Kg5 47. Bd5 b4 48. Bc4 Ra5 49. Kg3 Rc5 50. Kf3 Rxc4 51. bxc4 b3 52.
c5 b2 53. c6 b1=Q 54. c7 Qc2 55. c8=Q Qxc8 56. Kg3 Qg4+ 57. Kh2 Kf4 58. Kh1 Kg3
59. Kg1 0-1

[Event "Titled Tue 10th Jun Late"]
[Site "chess.com INT"]
[Date "2025.06.10"]
[Round "11"]
[White "Annaberdiyev, Meylis"]
[Black "Sakhayi, Mostafa"]
[Result "1-0"]
[WhiteTitle "GM"]
[BlackTitle "CM"]
[WhiteElo "2436"]
[BlackElo "2166"]
[WhiteFideId "14000563"]
[BlackFideId "12512532"]
[EventDate "2025.06.10"]

1. e4 e5 2. Nf3 Nc6 3. Bc4 Nf6 4. d3 Be7 5. O-O O-O 6. Nc3 d6 7. a4 Be6 8. Re1
Nxe4 9. Nxe4 d5 10. Bb5 dxe4 11. dxe4 f6 12. c3 a5 13. Qe2 Bc5 14. Bc4 Qe7 15.
Nd2 Kh8 16. Bxe6 Qxe6 17. Qc4 Qe7 18. Nb3 Bb6 19. Be3 Bxe3 20. Rxe3 b6 21. Rd3
Rad8 22. Rd5 Rxd5 23. exd5 Nb8 24. Re1 Qd6 25. Nd2 f5 26. Nf3 Nd7 27. Ng5 h6 28.
Ne6 Rc8 29. g4 c6 30. gxf5 Qxd5 31. Qg4 Rg8 32. Rd1 Nf6 33. Rxd5 Nxg4 34. Rd6 g6
35. f6 Nxf6 36. Rxc6 Nd5 37. Rd6 Re8 38. c4 Nf4 39. Nxf4 exf4 40. Kg2 Kg7 41.
Rxb6 g5 42. c5 Re2 43. Rb3 g4 44. c6 Rc2 45. Rc3 f3+ 46. Kg3 1-0

[Event "Titled Tue 10th Jun Late"]
[Site "chess.com INT"]
[Date "2025.06.10"]
[Round "11"]
[White "Venskaya, Nika"]
[Black "Urbina Quiroz, Edwin"]
[Result "0-1"]
[WhiteTitle "WCM"]
[WhiteElo "1926"]
[BlackElo "2041"]
[WhiteFideId "13523503"]
[BlackFideId "6500650"]
[EventDate "2025.06.10"]

1. d4 c6 2. Nf3 d5 3. c4 Nf6 4. Nc3 g6 5. g3 Bg7 6. Bg2 O-O 7. cxd5 cxd5 8. O-O
e6 9. Bf4 Nc6 10. Rc1 Ne4 11. e3 Nxc3 12. bxc3 Bd7 13. Qd3 Na5 14. e4 dxe4 15.
Qxe4 Bc6 16. Qe2 b5 17. Ne5 Bxg2 18. Kxg2 a6 19. Qf3 Rc8 20. h4 h5 21. Bg5 f6
22. Nxg6 fxg5 23. Nxf8 Qxf8 24. Qxh5 gxh4 25. Qxh4 Qf6 26. Qh5 Qf5 27. Rh1 Qxh5
28. Rxh5 Bxd4 29. Rd1 Bxc3 30. Rd7 Nc4 31. Ra7 a5 32. Rxb5 Ne5 33. Rbb7 Nc6 34.
Ra6 e5 35. Rbb6 Nd4 36. Rg6+ Kf8 37. Ra7 e4 38. Rf6+ Kg8 39. Rh6 Nf5 40. Rg6+
Kh8 41. Rg5 Nh6 42. Rh5 Rc6 43. g4 Kg8 44. g5 Nf7 45. Re7 Rg6 46. Rxe4 Nxg5 47.
Re8+ Kg7 48. Rc8 Nf7+ 49. Kf1 Bb4 50. Rc7 Rf6 51. Rf5 Kg6 52. Rd5 Ng5 53. Rdd7
Ne4 54. Rg7+ Kf5 55. f3 Ng5 56. Kg2 Ne6 57. Rgd7 Nxc7 58. Rxc7 Rg6+ 59. Kf2 Rd6
60. Rc4 Rd5 61. Kg3 Ke5 62. Re4+ Kf5 63. Rf4+ Kg5 64. Rg4+ Kh5 65. Rh4+ Kg6 66.
Rg4+ Rg5 67. f4 Rxg4+ 68. Kxg4 Kf6 69. f5 Bc3 70. a4 Bd2 71. Kf3 Kxf5 72. Ke2
Bb4 73. Kd3 Kf6 74. Kc4 Ke6 75. Kb5 Kd6 76. Kb6 Kd5 77. Kb5 Kd4 78. Kb6 Kc3 79.
Kb5 Kb3 80. Ka6 Ka3 81. Kb5 Kb3 0-1

[Event "Titled Tue 10th Jun Late"]
[Site "chess.com INT"]
[Date "2025.06.10"]
[Round "11"]
[White "Sethuraman, Roshan"]
[Black "Yanev, Tihomir"]
[Result "0-1"]
[BlackTitle "IM"]
[WhiteElo "2074"]
[BlackElo "2354"]
[WhiteFideId "30965250"]
[BlackFideId "2910110"]
[EventDate "2025.06.10"]

1. e4 e6 2. d4 b6 3. Bd3 Bb7 4. Nf3 Nf6 5. Qe2 d5 6. exd5 Nxd5 7. O-O Be7 8. c3
O-O 9. h3 c5 10. dxc5 bxc5 11. Bc2 Nc6 12. Na3 Qc7 13. Rd1 Rfd8 14. Nc4 Ba6 15.
Bd3 Nf4 16. Bxf4 Qxf4 17. Nce5 Bxd3 18. Rxd3 Nxe5 19. Nxe5 Rxd3 20. Nxd3 Qf5 21.
Rd1 Rd8 22. Ne1 h5 23. Rxd8+ Bxd8 24. Qd3 Qxd3 25. Nxd3 Bb6 26. Ne5 Bc7 27. Nd3
Bd6 28. Kf1 e5 29. Ke2 f5 30. Ne1 e4 31. Nc2 Kf7 32. Ne3 Ke6 33. g3 g5 34. Nc4
Bc7 35. Ke3 Kd5 36. Nd2 f4+ 37. gxf4 Bxf4+ 38. Ke2 Ke5 39. Nc4+ Kf5 40. Ne3+ Ke5
41. a4 Ke6 42. Ng2 Bc1 43. b3 Ke5 44. Ne3 Kf4 45. Nc4 g4 46. hxg4 Kxg4 47. Nd6
Kf4 48. b4 cxb4 49. cxb4 Ba3 50. Nb5 Bxb4 51. Nxa7 h4 52. Nc6 h3 53. Kf1 Kf3 54.
Nd4+ Kg4 55. Nc2 Bc5 56. Ne3+ Kf3 57. a5 h2 58. Ke1 Bxe3 59. fxe3 h1=Q+ 60. Kd2
Qa1 61. Kc2 Qxa5 62. Kb3 0-1

[Event "Titled Tue 10th Jun Late"]
[Site "chess.com INT"]
[Date "2025.06.10"]
[Round "11"]
[White "Sliwicka, Alicja"]
[Black "Shukhman, Anna"]
[Result "1-0"]
[WhiteTitle "WGM"]
[BlackTitle "WGM"]
[WhiteElo "2299"]
[BlackElo "2413"]
[WhiteFideId "1150677"]
[BlackFideId "54180058"]
[EventDate "2025.06.10"]

1. e4 c5 2. Nf3 d6 3. d4 cxd4 4. Nxd4 Nf6 5. Nc3 g6 6. Bd3 Nc6 7. Nb3 Bg7 8. O-O
O-O 9. Re1 Be6 10. Bf1 a5 11. a4 d5 12. Nc5 d4 13. Nxe6 fxe6 14. Nb5 Rc8 15. Bc4
Qd7 16. Bg5 Kh8 17. Bxf6 exf6 18. f4 Nb4 19. Bb3 Rfd8 20. Re2 Bf8 21. Rd2 Bc5
22. Kh1 Qc6 23. Qf3 f5 24. Re1 Bb6 25. Qe2 fxe4 26. Qxe4 Qxe4 27. Rxe4 Nd5 28.
g3 Ne3 29. Rxe6 d3 30. c3 Bc5 31. h3 b6 32. Re4 Re8 33. Rxe8+ Rxe8 34. Rxd3 Nf5
35. g4 Re1+ 36. Kg2 Rg1+ 37. Kh2 Nh4 38. Bd5 Rb1 39. Kg3 g5 40. fxg5 Ng6 41. Rd2
Be3 42. Re2 Bf4+ 43. Kf3 Bxg5 44. Nd4 Nh4+ 45. Ke4 h6 46. Nf5 Ng6 47. Kd3 Ra1
48. Kc2 Nf4 49. Re8+ Kh7 50. Be4 Re1 51. Kd2 Re2+ 52. Kd1 Kg6 53. Ng3+ Rxe4 54.
Nxe4 Nxh3 55. Nxg5 Nxg5 56. Rb8 Ne4 57. Ke2 Kg5 58. Kf3 Nd2+ 59. Ke3 Nc4+ 60.
Kd4 Nxb2 61. Rxb6 Nd1 62. Ra6 Kxg4 63. Rxh6 Nb2 64. Ra6 Nxa4 65. Rxa5 1-0

[Event "Titled Tue 10th Jun Late"]
[Site "chess.com INT"]
[Date "2025.06.10"]
[Round "11"]
[White "Sabatier, Mathis"]
[Black "Melian, Juan Sebastian"]
[Result "1-0"]
[WhiteTitle "CM"]
[BlackTitle "FM"]
[WhiteElo "2235"]
[BlackElo "2358"]
[WhiteFideId "26029685"]
[BlackFideId "3706575"]
[EventDate "2025.06.10"]

1. d4 Nf6 2. Nf3 e6 3. g3 c5 4. Bg2 Nc6 5. O-O d5 6. c4 dxc4 7. Qa4 Bd7 8. Qxc4
b5 9. Qc2 cxd4 10. Rd1 Rc8 11. Qd2 Bb4 12. Qd3 e5 13. Nbd2 O-O 14. a3 Bd6 15.
Ne4 Nxe4 16. Qxe4 h6 17. e3 Re8 18. Nh4 Qf6 19. b4 Ne7 20. exd4 exd4 21. Bb2 Nc6
22. Qd5 Re2 23. Bxd4 Nxd4 24. Qxd4 Be5 25. Qxd7 Rf8 26. Rac1 Qxf2+ 27. Kh1 Bf6
28. Rf1 Qe3 29. Rcd1 Bxh4 30. gxh4 Qe5 31. Qd5 Qb2 32. Qf3 Re6 33. Rd7 Rf6 34.
Qd1 Rxf1+ 35. Qxf1 Qxa3 36. Bd5 Kh8 37. Rxf7 Rg8 38. Rf8 Rxf8 39. Qxf8+ Kh7 40.
Be4+ g6 41. Qf7+ Kh8 42. Qe8+ Kg7 43. Qxg6+ Kf8 44. Qxh6+ Ke7 45. Qg5+ Ke6 46.
Qf5+ Kd6 47. Qd5+ Ke7 48. Kg2 Qb2+ 49. Kg3 Qc3+ 50. Kf4 Qc1+ 51. Kf5 Qf1+ 52.
Bf3 Qh3+ 53. Bg4 Qxh4 54. Qe5+ Kd7 55. Qe6+ Kc7 56. Qf7+ Kb6 57. Qf6+ Qxf6+ 58.
Kxf6 a5 59. bxa5+ Kxa5 60. Be6 1-0

[Event "Titled Tue 10th Jun Late"]
[Site "chess.com INT"]
[Date "2025.06.10"]
[Round "11"]
[White "Garzon Zapatanga, Christopher Leonel"]
[Black "Povshednyi, Ivan"]
[Result "1/2-1/2"]
[WhiteTitle "FM"]
[BlackTitle "FM"]
[WhiteElo "2155"]
[BlackElo "2309"]
[WhiteFideId "3634787"]
[BlackFideId "14190907"]
[EventDate "2025.06.10"]

1. b3 d5 2. Bb2 Bf5 3. Nf3 e6 4. g3 h6 5. Bg2 Nf6 6. O-O Be7 7. d3 O-O 8. Nbd2
Bh7 9. Re1 a5 10. a4 Na6 11. e4 Nb4 12. Nd4 c6 13. Re2 Bc5 14. e5 Nd7 15. N2f3
Qb6 16. Rd2 Bxd4 17. Bxd4 c5 18. Bb2 d4 19. Re2 Qc7 20. h4 Nc6 21. Qe1 Rfb8 22.
Bc1 Nb4 23. Bf4 Nd5 24. Qd2 b5 25. axb5 Rxb5 26. Bxh6 gxh6 27. Qxh6 Nf8 28. Ng5
Nc3 29. Ree1 Ra7 30. Be4 Nxe4 31. Nxe4 Bxe4 32. Rxe4 Ng6 33. h5 Nxe5 34. Qg5+
Kf8 35. Rxe5 Qe7 36. Qf4 Ke8 37. Rae1 Kd7 38. h6 Ra8 39. Rg5 Rh8 40. Rg7 Ke8 41.
h7 Qf8 42. Qg5 Rb7 43. Rg8 Re7 44. Rxf8+ Kxf8 45. Qxc5 f6 46. Rxe6 Rxh7 47. Rxe7
Rxe7 48. Qxd4 Kf7 49. Qc4+ Kg7 50. Qb5 Re5 51. Qb7+ Kg6 52. Qf3 f5 53. Kg2 Kf6
54. Qf4 Re2 55. Qd6+ Kg5 56. Qc5 a4 57. bxa4 Kg4 58. Qd4+ Kg5 59. Qf4+ Kg6 60.
a5 Kg7 61. a6 Re7 62. Qxf5 Rf7 63. Qxf7+ Kh8 64. a7 1/2-1/2

[Event "Titled Tue 10th Jun Late"]
[Site "chess.com INT"]
[Date "2025.06.10"]
[Round "11"]
[White "Deng, Henry"]
[Black "Medina Paz, Miguel"]
[Result "1-0"]
[WhiteTitle "FM"]
[BlackTitle "IM"]
[WhiteElo "2327"]
[BlackElo "2368"]
[WhiteFideId "30965454"]
[BlackFideId "7300379"]
[EventDate "2025.06.10"]

1. Nf3 Nf6 2. b3 g6 3. Bb2 Bg7 4. g3 O-O 5. Bg2 d6 6. O-O e5 7. c4 Nbd7 8. d4
exd4 9. Nxd4 c6 10. Nc3 a5 11. Qd2 Nc5 12. Rad1 Qb6 13. Nc2 Bf5 14. Ne3 Be6 15.
Qxd6 a4 16. Ncd5 Bxd5 17. Nxd5 Nxd5 18. Bxg7 Kxg7 19. cxd5 axb3 20. axb3 Rad8
21. Qe5+ f6 22. Qe3 cxd5 23. Rxd5 Rxd5 24. Bxd5 Qd6 25. Bg2 Rf7 26. Rc1 Ne6 27.
h4 Nd4 28. Qd3 Qb4 29. e3 Nf5 30. h5 Qa3 31. Rc8 Qa1+ 32. Kh2 Qa3 33. Bh3 Qb2
34. Rc2 Qe5 35. hxg6 hxg6 36. Bxf5 gxf5 37. Rc4 Kg6 38. Rg4+ Kh5 39. Rh4+ Kg6
40. Qd8 Rg7 41. Qh8 Kf7 42. Rh7 Rxh7+ 43. Qxh7+ Ke6 44. Qxb7 Qb2 45. Kg2 Ke5 46.
b4 Qb1 47. b5 f4 48. exf4+ Kd6 49. Qc6+ Ke7 50. b6 f5 51. b7 Kf7 52. Qc7+ Kg6
53. b8=Q Qe4+ 54. Kh2 Kh5 55. Qh8+ Kg4 56. Qh3+ Kf3 57. Qc3+ Ke2 58. Qe3+ Qxe3
59. fxe3 Kf3 60. Qxf5 Kf2 61. e4 Kf3 62. e5 Kf2 63. e6 Ke3 64. e7 Kf3 65. e8=Q
Kf2 66. Qg4 Kf1 67. Qee2# 1-0

[Event "Titled Tue 10th Jun Late"]
[Site "chess.com INT"]
[Date "2025.06.10"]
[Round "11"]
[White "Aradhya, Garg"]
[Black "George, Kevin"]
[Result "1/2-1/2"]
[WhiteTitle "IM"]
[BlackTitle "IM"]
[WhiteElo "2370"]
[BlackElo "2327"]
[WhiteFideId "25006746"]
[BlackFideId "10669515"]
[EventDate "2025.06.10"]

1. d4 Nf6 2. c4 e6 3. Nf3 Bb4+ 4. Nbd2 b6 5. g3 Ba6 6. Qa4 c5 7. a3 Bxd2+ 8.
Bxd2 cxd4 9. Nxd4 Bb7 10. f3 O-O 11. Bg2 Nc6 12. Bc3 Rc8 13. O-O e5 14. Nxc6
Bxc6 15. Qc2 Re8 16. Rfd1 b5 17. c5 Qe7 18. Rd6 Nd5 19. Qd2 Nc7 20. Rd1 Ne6 21.
b4 f6 22. Bh3 Rc7 23. e4 Ng5 24. Bg2 Nf7 25. Rd3 Rd8 26. h4 g6 27. Bh3 Kf8 28.
Kf2 a5 29. Rd6 axb4 30. Bxb4 Ra7 31. Rd3 Kg8 32. Qe3 Rb7 33. Bg2 Ra8 34. Bf1 Nd8
35. Bh3 Ne6 36. f4 Nd4 37. fxe5 fxe5 38. Kg2 Rf8 39. Rf1 Rxf1 40. Kxf1 Rb8 41.
Kg1 Rf8 42. Bg2 Qe6 43. Rd2 Qg4 44. Rf2 Qd1+ 45. Kh2 Rxf2 46. Qxf2 Ne2 47. Bf3
Qb3 48. Qxe2 Qa4 49. Qf2 Qb3 50. Qe2 Qe6 51. Qf2 Qf6 52. Qg2 Qe6 53. Qh3 Qc4 54.
Qg2 Qb3 55. Qe2 1/2-1/2

[Event "Titled Tue 10th Jun Late"]
[Site "chess.com INT"]
[Date "2025.06.10"]
[Round "11"]
[White "Haug, Havard"]
[Black "Ambartsumova, Karina"]
[Result "1-0"]
[WhiteTitle "FM"]
[BlackTitle "IM"]
[WhiteElo "2354"]
[BlackElo "2403"]
[WhiteFideId "1547887"]
[BlackFideId "4166299"]
[EventDate "2025.06.10"]

1. e4 c5 2. c3 d5 3. exd5 Qxd5 4. d4 a6 5. Nf3 Bg4 6. dxc5 Qxc5 7. Be3 Qc7 8.
Nbd2 Nd7 9. Bc4 e6 10. h3 Bh5 11. O-O Ngf6 12. Re1 Be7 13. Qc2 Bg6 14. Bd3 Bxd3
15. Qxd3 O-O 16. Rad1 Rad8 17. Ne4 Nxe4 18. Qxe4 Nf6 19. Qc2 Rxd1 20. Rxd1 Rd8
21. Rxd8+ Qxd8 22. Bd4 h6 23. Bxf6 Bxf6 24. Qd2 Qc7 25. Qe2 Qc6 26. c4 Qd6 27.
b3 Qf4 28. g3 Qd6 29. Kg2 Qc6 30. Kg1 g6 31. h4 Kg7 32. Qd3 h5 33. Nd2 Be5 34.
Ne4 Qb6 35. Kg2 Qc6 36. Qf3 f5 37. Ng5 Qxf3+ 38. Kxf3 Kf6 39. Ke2 Bd6 40. f4 e5
41. fxe5+ Bxe5 42. Kf3 Ke7 43. Nh3 Kf7 44. Nf4 Bd6 45. Nd3 Ke6 46. c5 Bc7 47.
Nf4+ Kf6 48. Nd5+ Ke6 49. Nxc7+ Kd7 50. Nxa6 bxa6 51. b4 Kc6 52. Kf4 a5 53. a3
a4 54. Kg5 Kd5 55. Kxg6 Kc4 56. Kxf5 Kb3 57. c6 Kxa3 58. c7 Kb2 59. c8=Q a3 60.
Qh8+ Kb1 61. Qc3 a2 62. Kg5 1-0

[Event "Titled Tue 10th Jun Late"]
[Site "chess.com INT"]
[Date "2025.06.10"]
[Round "11"]
[White "Norman, Kseniya"]
[Black "Asish Panda"]
[Result "1-0"]
[WhiteTitle "WFM"]
[WhiteElo "2069"]
[BlackElo "1911"]
[WhiteFideId "13518780"]
[BlackFideId "45012458"]
[EventDate "2025.06.10"]

1. e4 e6 2. d3 c5 3. Nd2 Nc6 4. Ngf3 Nge7 5. g3 g6 6. Bg2 Bg7 7. O-O O-O 8. c3
d6 9. Re1 e5 10. a4 Be6 11. Nf1 h6 12. Nh4 g5 13. Nf3 f5 14. exf5 Nxf5 15. Ne3
Qf6 16. Nxf5 Bxf5 17. h4 Bg4 18. hxg5 hxg5 19. Bxg5 Qf5 20. Qb3+ Kh8 21. Re4 Kh7
22. Rf1 Bxf3 23. Bxf3 Qxg5 24. Rh4+ Bh6 25. Qxb7+ Ne7 26. Rg4 Qf6 27. Be4+ Kh8
28. Kg2 Rab8 29. Qd7 Rxb2 30. Kh3 Qf7 31. Rh4 Qf6 32. f4 Rf7 33. Qd8+ Ng8 34.
Qxf6+ Rxf6 35. g4 Kg7 36. g5 Bxg5 37. Rg1 Ne7 38. Rxg5+ Ng6 39. Rhg4 exf4 40.
Rxg6+ Rxg6 41. Rxg6+ Kf7 42. Kg4 f3 43. Kxf3 Rc2 44. Rxd6 Rxc3 45. Rd7+ Ke6 46.
Rxa7 Ke5 47. Ra6 c4 48. Rc6 Kd4 49. Rxc4+ Rxc4 50. dxc4 Kxc4 51. Bc6 Kb4 52. Bb5
Ka5 53. Ke4 Kb6 54. Kd4 Ka7 55. Kc5 Kb8 56. Kb6 Ka8 57. Bc6+ Kb8 58. a5 Kc8 59.
a6 Kd8 60. a7 Ke7 61. a8=Q Kd6 62. Qd8+ Ke5 63. Qd5+ 1-0

[Event "Titled Tue 10th Jun Late"]
[Site "chess.com INT"]
[Date "2025.06.10"]
[Round "11"]
[White "Chen, Yidong"]
[Black "Yevchenko, Oleksandr"]
[Result "1-0"]
[BlackTitle "CM"]
[WhiteElo "2074"]
[BlackElo "2276"]
[WhiteFideId "8607028"]
[BlackFideId "14108267"]
[EventDate "2025.06.10"]

1. e4 c5 2. Nf3 d6 3. d4 cxd4 4. Nxd4 Nf6 5. Nc3 a6 6. Be3 e5 7. Nb3 Be6 8. h3
Nc6 9. Qf3 Be7 10. g4 Nb4 11. O-O-O Rc8 12. Kb1 b5 13. a3 Nc6 14. g5 Nd7 15. h4
Na5 16. Nd5 Nc4 17. Bc1 Nc5 18. Nxc5 Rxc5 19. b3 Nb6 20. Nxb6 Qxb6 21. Be3 b4
22. a4 O-O 23. Bxc5 dxc5 24. Bh3 c4 25. Bxe6 fxe6 26. Qe2 cxb3 27. cxb3 Rxf2 28.
Qc4 g6 29. Rd7 Kf7 30. Rhd1 Qe3 31. Rf1 Rxf1+ 32. Qxf1+ Ke8 33. Qd1 Qxe4+ 34.
Ka2 Qxh4 35. Rc7 Qxg5 36. Qc2 Qf5 37. Qg2 Qf4 38. Rc2 Qf6 39. Rf2 Qg5 40. Qa8+
Kd7 41. Qb7+ Ke8 42. Qc8+ Bd8 43. Qxe6+ Be7 44. Qf7+ Kd7 45. Qd5+ Ke8 46. Qc6+
Kd8 47. Qxa6 Qe3 48. Re2 Qd4 49. Qa8+ Kc7 50. Qe4 Qc3 51. Rc2 Qxc2+ 52. Qxc2+
Kd6 53. Qd2+ Ke6 54. Qe2 Kf5 55. a5 h5 56. a6 Bc5 57. Qc2+ 1-0

[Event "Titled Tue 10th Jun Late"]
[Site "chess.com INT"]
[Date "2025.06.10"]
[Round "11"]
[White "Papasimakopoulos, Alexandros"]
[Black "Khlebovich, Alexander"]
[Result "1-0"]
[WhiteTitle "IM"]
[BlackTitle "IM"]
[WhiteElo "2366"]
[BlackElo "2423"]
[WhiteFideId "4244125"]
[BlackFideId "4169123"]
[EventDate "2025.06.10"]

1. d4 Nf6 2. c4 g6 3. Nc3 d5 4. Nf3 Bg7 5. Qb3 dxc4 6. Qxc4 O-O 7. e4 a6 8. Qb3
b5 9. Be2 c5 10. dxc5 Nbd7 11. c6 Nb8 12. a4 Be6 13. Qb4 Nxc6 14. Qc5 Rc8 15.
axb5 axb5 16. Qxb5 Nd4 17. Nxd4 Qxd4 18. Be3 Qd7 19. O-O Qxb5 20. Bxb5 Ng4 21.
Bg5 Rb8 22. Bxe7 Bxc3 23. Bxf8 Bxb2 24. Rab1 Rxb5 25. Ba3 Bxa3 26. Rxb5 Bc4 27.
Rb8+ Kg7 28. Rd1 Bc5 29. Rd2 Be6 30. h3 Nf6 31. Rb5 Ba7 32. Rb4 Bc5 33. Ra4 h5
34. h4 Nd7 35. g3 Ne5 36. Kg2 Bg4 37. Rd5 Nd7 38. f3 Be6 39. Rd2 Ne5 40. Rc2 Be3
41. Ra3 Bd4 42. Rd2 Bc5 43. Ra1 Nc4 44. Re2 Ne3+ 45. Kh2 Bc4 46. Rxe3 Bxe3 47.
Kg2 Bd4 48. Ra4 Be6 49. Rxd4 Kf6 50. Kf2 Ke5 51. Ke3 Kf6 52. Ra4 Ke5 53. Ra5+
Kf6 54. Kf4 Kg7 55. Ra6 Bh3 56. e5 Bf1 57. Ra7 Bc4 58. Kg5 Be6 59. g4 hxg4 60.
fxg4 Bd5 61. h5 gxh5 62. gxh5 Be6 63. h6+ Kh7 64. Kf6 Kxh6 65. Rxf7 Bxf7 66.
Kxf7 1-0

[Event "Titled Tue 10th Jun Late"]
[Site "chess.com INT"]
[Date "2025.06.10"]
[Round "11"]
[White "Sheehan, Ethan"]
[Black "Antoniou, Rafail"]
[Result "1-0"]
[BlackTitle "CM"]
[WhiteElo "2364"]
[BlackElo "2134"]
[WhiteFideId "30943965"]
[BlackFideId "5904390"]
[EventDate "2025.06.10"]

1. g3 d5 2. Bg2 c6 3. Nf3 Nf6 4. O-O Bf5 5. b3 e6 6. Bb2 Be7 7. d3 O-O 8. Nbd2
h6 9. c4 Nbd7 10. a3 a5 11. Bc3 Bh7 12. b4 axb4 13. axb4 Qc7 14. Qb3 Rfc8 15.
Qb2 b5 16. c5 Qb7 17. Nb3 Ne8 18. Na5 Qc7 19. Nd4 Nb8 20. Bh3 Bf6 21. f4 Qd7 22.
Ra3 Bg6 23. Nf3 Qc7 24. Rfa1 Ra6 25. Be5 Bxe5 26. Nxe5 Bf5 27. Bg2 Nf6 28. h3
Nfd7 29. Nxd7 Nxd7 30. Nb3 Rxa3 31. Qxa3 e5 32. Qa7 Qd8 33. fxe5 Nxe5 34. Nd4
Bd7 35. Rf1 Qg5 36. Kh2 Qh5 37. Rf4 Ng4+ 38. Kg1 Ne5 39. Nf3 Be6 40. g4 Nxf3+
41. Rxf3 Qe5 42. e3 Qc3 43. d4 Qxb4 44. Qb7 Qe1+ 45. Kh2 b4 46. Rxf7 Bxf7 47.
Qxc8+ Kh7 48. Qxc6 Qxe3 49. Qc7 Bg6 50. c6 b3 51. Qb8 Qxd4 52. Qxb3 Qf4+ 53. Qg3
Qc1 54. Qd6 d4 55. Qxd4 h5 56. gxh5 Bxh5 57. Qe5 Bg6 58. c7 Qc2 59. Qf4 Kh8 60.
Qf8+ Kh7 61. c8=Q Qd2 62. Qh8# 1-0

[Event "Titled Tue 10th Jun Late"]
[Site "chess.com INT"]
[Date "2025.06.10"]
[Round "11"]
[White "Kornienko, Konstantin"]
[Black "Nigalidze, Gaioz"]
[Result "1-0"]
[WhiteTitle "CM"]
[BlackTitle "IM"]
[WhiteElo "2141"]
[BlackElo "2368"]
[WhiteFideId "34400419"]
[BlackFideId "13603078"]
[EventDate "2025.06.10"]

1. d4 d5 2. Nf3 Nf6 3. Bf4 c5 4. e3 Nc6 5. c4 cxd4 6. exd4 dxc4 7. Bxc4 g6 8.
O-O Bg7 9. d5 Nb8 10. Re1 O-O 11. Nc3 a6 12. Rc1 Nbd7 13. h3 b5 14. Bb3 Bb7 15.
d6 e6 16. Ne5 Rc8 17. a3 Qb6 18. Qd2 Nxe5 19. Bxe5 Rfd8 20. Qg5 Ne8 21. Bxg7
Nxg7 22. Rcd1 Rxd6 23. Rxd6 Qxd6 24. Rd1 Qc7 25. h4 Bc6 26. Ne2 Re8 27. Ng3 Qe7
28. Qg4 Rd8 29. Rc1 Ba8 30. h5 Qf6 31. hxg6 hxg6 32. Rc7 Qxb2 33. Qf4 Rf8 34.
Bc2 Qa1+ 35. Kh2 Qxa3 36. Qe5 Qb4 37. Bxg6 Qh4+ 38. Kg1 Bd5 39. Be4 b4 40. Bxd5
exd5 41. Rb7 b3 42. Qxg7+ Kxg7 43. Nf5+ Kf6 44. Nxh4 Ke5 45. Rxb3 Kd4 46. Rb6 a5
47. Ra6 Kc3 48. Rxa5 d4 49. Nf3 Rd8 50. Rf5 Rd7 51. Kf1 d3 52. Ke1 Kc2 53. Rc5+
Kb3 54. Kd2 Kb4 55. Rc3 Kb5 56. Rxd3 Re7 57. Re3 Rd7+ 58. Ke2 Kc5 59. Re5+ Kc4
60. Rf5 Re7+ 61. Kf1 Rd7 62. Ne5+ 1-0